Statistics for Lyrics from the Hercules song One Last Hope

Click here to take the quiz!

General Stats

  • This quiz has been taken 5 times
  • The average score is 154 of 279

Answer Stats

Answer% Correct
A
100%
a
100%
an
100%
and
100%
be
100%
hero
100%
I
100%
of
100%
on
100%
one
100%
one,
100%
so
100%
So
100%
So,
100%
the
100%
The
100%
wanna
100%
win,
100%
with
100%
You
100%
you.
100%
you
100%
around
80%
been
80%
block
80%
blockheads
80%
disappointment.
80%
do.
80%
every
80%
for
80%
have
80%
hope,
80%
hope
80%
is
80%
just
80%
kid,
80%
kid?
80%
kid
80%
last
80%
like
80%
Like
80%
no,
80%
no
80%
Pain
80%
There
80%
there
80%
To
80%
to
80%
Well,
80%
who
80%
whoop-de-do.
80%
Zeus
80%
ain't
60%
as
60%
at
60%
before
60%
Each
60%
envelope.
60%
get
60%
go
60%
It
60%
it's
60%
I've
60%
me
60%
my
60%
My
60%
not
60%
oh
60%
ointment.
60%
shot
60%
that
60%
up
60%
which
60%
you're
60%
You're
60%
all
40%
along.
40%
answer
40%
asking
40%
Climb
40%
come
40%
Don't
40%
excuses,
40%
given
40%
gods,
40%
graze
40%
heart,
40%
I'd
40%
in
40%
into
40%
Keep
40%
kind
40%
lawn.
40%
much
40%
...okay.
40%
oy
40%
pushing
40%
slope.
40%
someone
40%
two
40%
uphill
40%
vey.
40%
words...
40%
would
40%
ambition
20%
are
20%
bell
20%
blasted
20%
But
20%
but
20%
Content
20%
continue
20%
days
20%
down
20%
fees.
20%
fellow
20%
fray.
20%
gets
20%
goat.
20%
gone.
20%
gong.
20%
greenhorn.
20%
grow.
20%
I'm
20%
jump
20%
lazy
20%
least
20%
more
20%
need
20%
never
20%
once,
20%
out
20%
pal,
20%
pasture
20%
ring
20%
semi-pro
20%
sinew.
20%
spend
20%
though
20%
Though
20%
trophies,
20%
Underworld
20%
who'd
20%
wins
20%
work
20%
you'll
20%
advisor,
0%
art.
0%
believe
0%
came
0%
Comes
0%
crockery.
0%
Demigods
0%
dream
0%
dreams
0%
dying
0%
em
0%
ended
0%
enough
0%
exactly
0%
faced
0%
goes
0%
good
0%
high
0%
*lightning*
0%
make
0%
masterpiece,
0%
merchandiser
0%
mockery.
0%
noter
0%
odds
0%
painting
0%
read
0%
saytr
0%
stories
0%
takes
0%
than
0%
through.
0%
trained
0%
true.
0%
true
0%
turkeys
0%
ulcer!
0%
what's
0%
whoa!
0%
wiser.
0%

Score Distribution

Percentile by Number Answered

Percent of People with Each Score

Your Score History

You have not taken this quiz